• 首页
  • 本馆介绍
  • 公告通知
  • 最新文献
  • 馆藏检索
  • 电子资源
  • 读者导购
  • 参考咨询
  • 我的图书馆
  • 登录
  • 详细信息显示
  • 放入我的书架
  • 预约/预借图书
  • 作者相关作品
  • 分类相关作品
  • 丛书相关作品
  • 出版社相关作品

书目信息

  • 表格格式
  • 工作单格式
  • 卡片格式
题名:
华西铁律
    
 
作者: 彭维锋 , 孙海燕 著
分册:  
出版信息: 厦门   鹭江出版社  2007
页数: 262页
开本: 25cm
丛书名:
单 册:
中图分类: F327.535
科图分类:
主题词: 农村--社会主义建设--研究--江阴市 , 农村 , 社会主义建设 , 农业经济--中国
电子资源:
ISBN: 978-7-80671-807-0
000 01035nam0 2200277 450
001 1162685916
005 20111004172634.53
010    @a978-7-80671-807-0@dCNY38.00
100    @a20070226d2007 em y0chiy50 ea
101 0  @achi
102    @aCN@b350000
105    @aa z 000yy
200 1  @a华西铁律@Ahua xi tie lv@e成就“天下第一村”的二十五条“金科玉律”@f彭维锋,孙海燕著
210    @a厦门@c鹭江出版社@d2007
215    @a262页@c彩图@d25cm
330    @a号称“天下第一村”的华西村是中国社会主义新农村建设的楷模。无论乡镇的领导,还是企业的管理者,都能从华西村先进的管理经验和方法中学到宝贵的东西。
517 1  @a成就“天下第一村”的二十五条“金科玉律”@Acheng jiu “tian xia di yi cun” de er shi wu tiao “jin ke yu lv”
606 0  @a农村@x社会主义建设@x研究@y江阴市
606 0  @a农村
606 0  @a社会主义建设
606 0  @a农业经济@x中国
690    @aF327.535@v4
701  0 @a彭维锋@Apeng wei feng@4著
701  0 @a孙海燕@Asun hai yan@f(1974.12~)@4著
801  0 @aCN@bNLC@c20101222
905    @a10447@dF327.535@eJY14
    
    华西铁律:成就“天下第一村”的二十五条“金科玉律”/彭维锋,孙海燕著.-厦门:鹭江出版社,2007
    262页:彩图;25cm
    
    
    ISBN 978-7-80671-807-0:CNY38.00
    号称“天下第一村”的华西村是中国社会主义新农村建设的楷模。无论乡镇的领导,还是企业的管理者,都能从华西村先进的管理经验和方法中学到宝贵的东西。
●
相关链接 在E读中查询图书 在五车中查询图书 在当当中查询图书 在豆瓣中查询图书


正题名:华西铁律     索取号:F327.535/JY14         预约/预借

序号 登录号 条形码 馆藏地/架位号 状态 备注
1 7813881   278138819   学院路分馆/ [索取号:F327.535/JY14] 在馆    
2 7813882   278138828   学院路分馆/ [索取号:F327.535/JY14] 在馆    
欢迎您!
大连网信软件有限公司© 版权所有